000 02024cam a22004574i 4500
003 PE-LiUPU
005 20250731165411.0
008 151022s2003 pe grm 000 0 spa d
035 _a(Sirsi) a155040
040 _aPE-LiUPU
_bspa
_cPE-LiUPU
_erda
099 _aTEF 2
_bP89 2003
100 1 _aPucllas Curasi, Myriam
_eautor
245 1 _aPrevalencia de déficit en el desarrollo psicomotor de niños de 2 a 5 años de edad, que asisten a los consultorios de crecimiento y desarrollo del Hospital Docente Materno Infantil San Bartolomé y Hospital Nacional Arzobispo Loayza, 2002 /
_Myriam Pucllas Curasi.
264 0 _c2003.
300 _a79 hojas
_c30 cm
336 _atext
_2rdacontent
337 _aunmediated
_2rdamedia
338 _avolume
_2rdacarrier
502 _aTesis
_b(Lic.) --
_cUniversidad Peruana Unión,
_d2003.
504 _aIncluye referencias
520 3 _aEl presente trabajo de investigación trata sobre la prevalencia de déficit en el desarrollo psicomotor de niños de 2 a 5 años de edad, que asistieron a los consultorios de crecimiento y desarrollo del Hospital Docente Materno Infantil San Bartolomé y Hospital Nacional Arzobispo Loayza en el año 2002. El objetivo general fue determinar la prevalencia de riesgo y retraso en el desarrollo psicomotor en las áreas de coordinación, lenguaje y motor de niños de 2 a 5 años de edad que concurrieron a los consultorios de crecimiento y desarrollo.
526 _aSEG44
526 _aSEG26
526 _aP151
526 _aP150
526 _aP149
526 _aP146
526 _aP145
526 _aP126
526 _aP125
526 _aP92
526 _aP75
526 _aP74
526 _aP27
526 _aP15
650 0 4 _aNiños
_xPsicomotricidad.
700 1 _aZegarra Sánchez, Genara
_eautor
596 _a1
942 _2ddc
_cTESIS
999 _aTEF 2 P89 2003
_wALPHANUM
_c7731
_iT00324
_d7731
_lCCODEBUL3
_mBUL
_q1
_r1
_sY
_tTESIS
_u2015-10-22
_xSALUD
_PP22
_o.STAFF. Tesis
980 _81
_gALBERTO SANCHEZ Responsable de Automatización